[Event "FIDE Chesscom Grand Swiss 2019"]
[Site "Douglas-Isle of Man"]
[Date "2019.10.17"]
[Round "7.22"]
[White "Grandelius, Nils"]
[Black "Lenderman, Aleksandr"]
[Result "1/2-1/2"]
[WhiteElo "2691"]
[BlackElo "2648"]
[Annotator "TA"]
[PlyCount "121"]
[EventDate "2019.10.10"]
[EventType "swiss"]
[EventCountry "GBR"]
[SourceTitle "playchess.com"]
[Source "ChessBase"]
[SourceQuality "1"]

{[%evp 10,121,21,33,20,28,33,23,30,31,34,14,46,43,47,35,48,42,29,27,43,37,35,9,15,10,23,10,34,5,4,4,4,4,4,4,4,4,12,4,18,15,18,6,6,6,16,16,23,22,20,16,24,16,22,16,16,16,16,6,6,0,16,6,6,12,9,2,2,0,7,0,6,6,6,6,16,16,23,16,22,16,26,23,27,0,16,0,16,0,7,0,7,7,16,16,16,16,16,16,16,16,16,16,16,16,16,16,16,0,16,0,16,0]} 1. e4 c6 2. Nf3 d5 3. Nc3 dxe4 4. Nxe4 Nf6 5. Qe2 Nxe4 6. Qxe4 Be6 {B11: Caro-Kann: Two Knights Variation} (6... Qa5 7. Qh4 Nd7 8. Bc4 Ne5 9. Be2 Nxf3+ 10. Bxf3 Bf5 11. O-O Bxc2 12. d4 e6 13. Qg3 Bg6 14. h4 {1-0 (48) Wei,Y (2721)-Vachier Lagrave,M (2774) chess.com INT 2019}) 7. b3 Nd7 8. Bb2 Nf6 {White has an edge.} 9. Qe3 Bf5 10. Nd4 $146 ({Predecessor:} 10. c4 e6 11. h3 h6 12. Be2 Be7 13. O-O O-O 14. Rfe1 {0-1 (39) Hansen,E (2629)-Lenderman,A (2626) Saint Louis 2018}) 10... Qd7 11. Bc4 Nd5 12. Bxd5 Qxd5 13. O-O e6 14. c4 Qe4 15. Nxf5 Qxf5 16. Rad1 Bc5 17. d4 Bb6 $1 18. Rd3 O-O-O 19. Rfd1 Rd7 20. Qe5 Qxe5 21. dxe5 Rhd8 22. Rxd7 Rxd7 23. Rxd7 Kxd7 $11 {[%mdl 4096] Endgame KB-KB} 24. Kf1 h5 25. Ke2 g6 26. f3 Bg1 27. h3 Bc5 28. Kd3 Be7 29. Bd4 a6 30. Bf2 Ke8 31. Ke4 Kd7 32. Be3 Ke8 33. Bh6 Kd7 34. Kf4 Ba3 {[#] White must now prevent ...Bc1+.} 35. Ke4 Be7 36. Bg7 Ba3 37. Bf6 Bc1 38. Kd4 Bb2+ 39. Kd3 Bc1 40. Kc2 Be3 41. Kc3 Bc1 42. Kd3 Ke8 43. Bh4 Kf8 44. Ke4 Bd2 45. Kd4 Ke8 46. Bf2 Bb4 47. Bh4 Bd2 {The position is equal.} 48. Ke4 Kd7 49. Bf6 Bc1 50. Kd3 Bf4 51. g4 hxg4 52. fxg4 g5 53. Bg7 Bg3 54. Ke3 Ke8 55. Kf3 Be1 56. Bh6 Bh4 57. Ke4 Kd7 58. Bf8 Be1 59. Bh6 Bh4 $1 60. Bf8 Be1 61. Bh6 {Accuracy: White = 51%, Black = 60%.} 1/2-1/2

[Event "FIDE Chesscom Grand Swiss 2019"]
[Site "Douglas-Isle of Man"]
[Date "2019.10.15"]
[Round "7.22"]
[White "Bachmann, Axel"]
[Black "Gukesh D"]
[Result "0-1"]
[WhiteElo "2629"]
[BlackElo "2520"]
[Annotator "TA"]
[PlyCount "78"]
[EventDate "2019.10.10"]
[EventType "swiss"]
[EventCountry "GBR"]
[SourceTitle "playchess.com"]
[Source "ChessBase"]
[SourceQuality "1"]

{[%evp 18,78,0,-5,0,-18,-24,-22,-24,-27,-15,-37,-14,-30,-27,-51,-23,-14,-15,-22,-21,-24,-29,-65,-64,-85,-34,-36,-20,-20,-20,-20,-20,-20,-20,-20,-20,-20,-20,-94,-94,-424,-426,-502,-530,-548,-548,-542,-538,-532,-538,-472,-253,-248,0,-385,-269,-1839,-1208,-1143,-1147,-2117,-59]} 1. e4 c5 2. Nc3 Nc6 3. g3 g6 4. Bg2 Bg7 5. d3 d6 6. Be3 e5 7. Nh3 Nge7 8. f4 Nd4 9. O-O O-O 10. Qd2 Bg4 {B25: Closed Sicilian: 3 g3, lines without early Be3} (10... Bd7 11. Nd1 Qc8 12. Ndf2 Ndc6 13. c3 b5 14. fxe5 Nxe5 15. Bh6 N7c6 16. Bxg7 Kxg7 17. Nf4 Qd8 18. Rad1 {1-0 (33) Carlsen,M (2877)-Wojtaszek,R (2735) Tromsoe 2014}) 11. Ng5 f6 12. Nf3 Qd7 {The position is equal.} 13. Rf2 b5 14. Raf1 Rac8 $146 ({Predecessor:} 14... b4 15. Nd1 Rab8 16. c3 Nxf3+ 17. Bxf3 Be6 18. c4 exf4 19. Bxf4 Nc6 20. Bg2 Nd4 21. h4 Rf7 22. Ne3 Rbf8 23. Nd5 Bxd5 24. cxd5 f5 25. Bh3 {½-½ (25) Lejarre,L (2342)-Navrotescu,C (2366) Sautron 2015}) 15. Nd1 exf4 16. Bxf4 d5 17. Nxd4 cxd4 18. Bh6 dxe4 19. dxe4 Nc6 20. Bxg7 Kxg7 21. c3 Rcd8 (21... d3 $17 22. Ne3 Ne5) 22. cxd4 $1 $15 Bxd1 23. e5 fxe5 {[#] White must now prevent ...Bg4.} 24. d5 Bg4 {...Rxf2 is the strong threat.} 25. Rxf8 $1 Rxf8 26. Rxf8 Kxf8 27. Qf2+ Ke7 {[#] Threatens to win with ...Nd4.} 28. Qc5+ (28. dxc6 $11 {keeps the balance.} Qd4 29. a3) 28... Qd6 $17 29. Qc1 $2 {[%mdl 8192]} (29. Qxc6 $17 Qxc6 30. dxc6) 29... Nb4 $1 $19 {[%csl LRa2,LRd5]} 30. Qg5+ Kf7 31. Qxg4 Qc5+ 32. Kf1 Qc1+ 33. Ke2 Qxb2+ 34. Ke3 Qc3+ ({Inferior is} 34... Qxg2 35. Qd7+ Kf6 36. Qd6+ Kg7 37. Qe7+ Kh6 38. Qh4+ Kg7 39. Qe7+ Kg8 40. Qe8+ {[%mdl 64] Double Attack} Kg7 41. Qe7+ $11 {[%mdl 64] Double Attack}) (34... Nc2+ $2 35. Kf2 $19) (34... Qa3+ $142 35. Kf2 Qxa2+ 36. Kg1 Qa1+ 37. Bf1 Qd4+ 38. Qxd4 exd4 39. Bxb5 Ke7) 35. Ke2 Qb2+ ({Not} 35... Nxa2 36. Qd7+ Kf8 37. Qd8+ Kg7 38. Qe7+ Kh6 39. Qf8+ Kg5 40. Qe7+ Kh6 41. Qf8+ Kg5 42. Qe7+ Kh6 $11) (35... Qd3+ $142 36. Kf2 Qd2+ 37. Kf1 Qc1+ 38. Kf2 Qb2+ 39. Kf1 Qc1+ 40. Kf2 Qd2+ 41. Kf1 Qd3+ 42. Kf2 Qd2+) 36. Ke3 $1 Nc2+ ({And not} 36... Qxg2 37. Qd7+ Kg8 38. Qd8+ Kg7 39. Qe7+ Kh6 40. Qh4+ Kg7 41. Qe7+ Kg8 42. Qe8+ {[%mdl 64] Double Attack} Kg7 43. Qe7+ $11 {[%mdl 64] Double Attack}) 37. Kd2 $2 (37. Kf2 Nb4+ 38. Ke3) 37... Nd4+ {Black is clearly winning.} 38. Ke3 Nf5+ 39. Kf3 Qxg2+ $2 {Accuracy: White = 39%, Black = 47%.} ({Better is} 39... h5 $19 40. Qe4 Nd4+ 41. Qxd4 Qxd4) 0-1

[Event "FIDE Chesscom Grand Swiss 2019"]
[Site "Douglas-Isle of Man"]
[Date "2019.10.15"]
[Round "7.23"]
[White "Parligras, Mircea-Emilian"]
[Black "Harika, Dronavalli"]
[Result "0-1"]
[WhiteElo "2629"]
[BlackElo "2495"]
[Annotator "TA"]
[PlyCount "68"]
[EventDate "2019.10.10"]
[EventType "swiss"]
[EventCountry "GBR"]
[SourceTitle "playchess.com"]
[Source "ChessBase"]
[SourceQuality "1"]

{[%evp 12,68,35,29,49,36,46,47,43,14,13,6,39,22,20,-11,-7,-9,-16,-105,-68,-64,-38,-37,-43,-50,-47,-54,0,-270,-252,-281,-290,-174,-208,-595,-298,-275,-277,-492,-462,-458,-458,-447,-437,-427,-420,-362,-202,-172,-215,-12836,-12837,-12830,-12829,-12835,-12833,-29984,-29985]} 1. d4 Nf6 2. c4 g6 3. Nc3 Bg7 4. e4 d6 5. h3 O-O 6. Be3 c6 7. Nf3 Na6 {[%cal Bb8a6,Ba6c7,Bc7e6,Be6d4][%mdl 32] E90: King's Indian: Classical: Early deviations and 6 h3} 8. Be2 e5 9. d5 Nh5 {White is slightly better.} 10. g3 cxd5 $1 11. Nxd5 Nc7 $146 ({Predecessor:} 11... Nc5 12. Nd2 Nf6 13. Qc2 Bd7 14. Bxc5 dxc5 15. O-O-O Nxd5 16. cxd5 {1-0 (42) Postny,E (2627)-Tkachiev,V (2644) Nancy 2013}) 12. Nd2 Nf6 13. Qb3 Ne6 14. O-O-O Nd4 15. Qd3 (15. Bxd4 $11 exd4 16. Kb1) 15... Nxd5 16. cxd5 f5 17. Bxd4 exd4 18. Kb1 Bd7 $36 {[%mdl 2048] Black fights for an advantage.} 19. f4 Rc8 (19... Re8 $15 20. Bf3 Rc8) 20. Bf3 $2 {[%mdl 8192]} (20. Qb3 $11 {and White stays safe.}) 20... Qb6 $1 $19 {And now ...Rc3 would win.} 21. Qb3 Qa6 $1 {Threatens to win with ...Ba4.} 22. Rc1 {[#]} Ba4 $1 {[%cal Ra4b3]} 23. Qa3 $2 (23. Qb4 {was the crucial defense.}) 23... d3 {Strongly threatening ...Bc2+.} 24. b3 {[#]} Rc2 $1 {[%cal Rc2d2][%mdl 512]} 25. Nc4 $2 (25. Rxc2 dxc2+ 26. Kc1) 25... b5 26. Rxc2 dxc2+ 27. Kxc2 bxc4 28. Qxa4 cxb3+ 29. axb3 Rc8+ (29... Qb6 $142 30. Rf1 Rc8+ 31. Kd2 Bd4 32. exf5 Bf2 33. Rxf2 Qxf2+ {[%mdl 64] Double Attack} 34. Be2 Qxg3) 30. Kd2 Bc3+ {[%mdl 1024] Black has strong compensation.} 31. Kc2 $2 (31. Ke3 Qb6+ 32. Ke2) 31... Qb6 32. Rh2 Bf6+ 33. Kd2 {[#]} Qg1 $1 {[%mdl 576] ( -> ...Qc1+). Double Attack} 34. Rh1 Qxg3 {Accuracy: White = 28%, Black = 76%.} 0-1

[Event "FIDE Chesscom Grand Swiss 2019"]
[Site "Douglas-Isle of Man"]
[Date "2019.10.17"]
[Round "7.23"]
[White "Sadhwani, Raunak"]
[Black "Sargissian, Gabriel"]
[Result "1/2-1/2"]
[WhiteElo "2479"]
[BlackElo "2690"]
[Annotator "TA"]
[PlyCount "85"]
[EventDate "2019.10.10"]
[EventType "swiss"]
[EventCountry "GBR"]
[SourceTitle "playchess.com"]
[Source "ChessBase"]
[SourceQuality "1"]

{[%evp 26,85,36,34,29,31,34,29,27,20,27,16,39,22,18,18,25,17,18,11,22,1,18,0,0,-17,-6,-49,-12,-15,-9,-9,-13,-39,-42,-58,-55,-33,-15,-19,-6,0,0,0,0,-23,-18,-23,-23,-23,-23,-24,-28,-32,-32,-32,-29,-29,-12,-32,-32,-32]} 1. e4 e5 2. Nf3 Nc6 3. Bb5 a6 4. Ba4 Nf6 5. O-O Be7 6. Re1 b5 7. Bb3 O-O 8. c3 d5 9. exd5 Nxd5 10. Nxe5 Nxe5 11. Rxe5 c6 12. d3 Bd6 13. Re1 Bf5 14. Qf3 Qh4 {C89: Closed Ruy Lopez: Marshall Attack} 15. g3 Qh3 16. Be3 Bxd3 {White has an edge.} ({Of course not} 16... Nxe3 17. Rxe3 Rac8 18. Nd2 $16) 17. Nd2 Bf5 18. Bd4 Rfe8 {[#]} 19. Bxd5 $146 ({Predecessor:} 19. a4 Bg4 20. Qg2 Qh5 21. f3 Be6 22. Ne4 {½-½ (69) Inarkiev,E (2693)-Tomashevsky,E (2718) Mali Losinj 2019}) 19... cxd5 20. Qxd5 Bf8 21. Qg2 Qh6 22. f3 b4 23. Qf2 bxc3 24. bxc3 (24. Bxc3 {looks sharper.} Be6 25. Re5 Red8 26. Nb3 Rac8 27. Rae1) 24... Qc6 25. Nb3 Be6 26. Re5 f6 {[%mdl 1024] Black has compensation.} (26... a5 $5) 27. Re3 Bd5 28. Nd2 a5 29. c4 Bf7 30. Rxe8 Rxe8 31. c5 Rd8 {[#] Strongly threatening ...Rxd4!} 32. Ne4 f5 33. Nd6 $1 Bxd6 34. cxd6 Qxd6 35. Bb6 Rc8 36. Qd4 Qa3 37. Qe3 Qxe3+ 38. Bxe3 $11 {KRB-KRB} a4 39. a3 Rc3 40. Bd4 Rxf3 41. Rc1 {[#] Hoping for Rc8+.} Be6 42. Rc3 Rxc3 43. Bxc3 {Accuracy: White = 56%, Black = 73%.} 1/2-1/2

[Event "FIDE Chesscom Grand Swiss 2019"]
[Site "Douglas-Isle of Man"]
[Date "2019.10.17"]
[Round "7.24"]
[White "Korobov, Anton"]
[Black "Mamedov, Rauf"]
[Result "1/2-1/2"]
[WhiteElo "2679"]
[BlackElo "2645"]
[Annotator "TA"]
[PlyCount "42"]
[EventDate "2019.10.10"]
[EventType "swiss"]
[EventCountry "GBR"]
[SourceTitle "playchess.com"]
[Source "ChessBase"]
[SourceQuality "1"]

{[%evp 9,42,21,42,26,21,24,29,37,64,45,169,34,184,0,0,0,0,0,0,0,0,0,0,0,0,0,0,0,0,0,0,0,0,0,0]} 1. d4 d5 2. c4 e6 3. Nc3 a6 4. cxd5 exd5 5. Nf3 c6 (5... Nf6 6. Bg5 Be6 7. e3 Nbd7 8. Bd3 c6 9. Qb3 Qb6 10. Qxb6 Nxb6 11. Bxf6 gxf6 12. Nh4 a5 13. O-O-O Bb4 {1-0 (40) So,W (2767)-Demchenko,A (2655) Khanty-Mansiysk 2019}) 6. e4 {D31: Queen's Gambit Declined: Semi-Slav without ...Nf6 (+ Marshall Gambit and Noteboom) and Exchange Variation lines without ...Nf6} dxe4 7. Ng5 Be7 8. Bc4 {White has an edge.} Bxg5 {[#]} 9. Qh5 $1 {[%csl Gc4][%cal Rh5f7][%mdl 576] Double Attack} Be7 (9... g6 $14 10. Qxg5 Nf6) 10. Qxf7+ $18 {[%mdl 64] Double Attack} Kd7 11. Be6+ $2 ({Inferior is} 11. Nxe4 Qf8 $17) (11. Qxg7 Nf6 $11) ({White must play} 11. Bf4 $18 {[%csl Gf7][%cal Rc4e6]} Qf8 12. Qe6+ Kd8 13. Qe5) 11... Kc7 $11 {The position is equal.} 12. Bf4+ Kb6 13. d5 {[#] And now Bxc8 would win.} Bxe6 14. Qxe6 Bg5 15. dxc6 Nxc6 16. Nd5+ Ka7 {Hoping for ...Bxf4.} 17. Bc7 Qf8 {aiming for ...Re8.} 18. Bb6+ Kb8 19. Bc7+ Ka7 {Threatens to win with ...Re8.} 20. Bb6+ {[#]} Kb8 $146 21. Bc7+ Ka7 1/2-1/2

[Event "FIDE Chesscom Grand Swiss 2019"]
[Site "Douglas-Isle of Man"]
[Date "2019.10.15"]
[Round "7.24"]
[White "Akobian, Varuzhan"]
[Black "Stefanova, Antoaneta"]
[Result "1-0"]
[WhiteElo "2625"]
[BlackElo "2479"]
[Annotator "TA"]
[PlyCount "77"]
[EventDate "2019.10.10"]
[EventType "swiss"]
[EventCountry "GBR"]
[SourceTitle "playchess.com"]
[Source "ChessBase"]
[SourceQuality "1"]

{[%evp 9,77,-4,17,16,24,8,20,12,21,0,0,8,0,8,19,0,0,0,0,0,0,0,0,12,9,0,44,32,33,35,49,50,46,29,28,30,33,45,57,4,1,2,22,13,42,30,69,34,60,25,20,0,365,360,822,799,722,718,1609,1577,1276,691,687,687,679,668,616,551,29992,29993]} 1. d4 Nf6 2. c4 g6 3. Nc3 d5 4. Nf3 Bg7 5. h4 c6 6. cxd5 {D90: Grünfeld: 4 Nf3 Bg7 sidelines} cxd5 7. Bf4 Nc6 8. e3 {The position is equal.} O-O 9. Be2 Bg4 10. Qb3 $146 ({Predecessor:} 10. O-O Rc8 11. Ne5 Bxe2 12. Qxe2 e6 13. Nd3 Nd7 14. h5 a6 15. Rac1 Qe7 16. hxg6 {½-½ (16) Morozevich,A (2719)-Nepomniachtchi,I (2735) Poikovsky 2014}) 10... Na5 11. Qb4 Ne4 12. Rc1 Rc8 13. O-O Bxf3 14. gxf3 Nxc3 15. Rxc3 Rxc3 16. Qxc3 {Bc7 is the strong threat.} Nc6 17. Bb5 e5 18. dxe5 d4 19. Qc5 dxe3 20. Qxe3 ({Don't play} 20. fxe3 Qxh4 21. Bxc6 bxc6 $15) 20... Qxh4 21. Bxc6 bxc6 22. Rc1 Rc8 23. b4 Qh3 24. Qxa7 ({White should play} 24. Qe4 $14) 24... Qxf3 $11 25. Qd7 Rf8 (25... Rb8 $5 {[%cal Rf3f4]} 26. Rc4 Qe2 $11) 26. Bg3 Qa3 27. Qd2 Qa6 28. Rc5 h5 29. Qc2 (29. e6 $5 {[%cal Re6e7]} Re8 30. exf7+ Kxf7 31. Kh2 $16) 29... Qa3 30. Qc4 $36 {[%mdl 2048] White has the initiative.} Rb8 $2 {[%mdl 8192]} (30... Qf3 $1 $11 {and Black stays safe.} 31. Rxc6 g5) 31. e6 $18 Rxb4 $2 {[#]} (31... Rb7 32. exf7+ Rxf7 33. Rxc6 Qf3 34. Rxg6 Kh7) 32. e7 $1 {[%cal Re7e8][%mdl 512]} Rb1+ {[#]} 33. Kg2 $1 Re1 {[#]} 34. Be5 $1 {[%mdl 512]} Qa8 (34... Rxe5 35. Rxe5) 35. Bxg7 Rxe7 36. Bc3 Re6 37. Qd4 {[%csl Gc3][%cal Rd4h8]} f6 38. Qd7 Qxa2 {Black hopes to continue with ...Qe2.} 39. Ra5 {Accuracy: White = 55%, Black = 45%.} 1-0

[Event "FIDE Chesscom Grand Swiss 2019"]
[Site "Douglas-Isle of Man"]
[Date "2019.10.17"]
[Round "7.25"]
[White "Sasikiran, Krishnan"]
[Black "Tari, Aryan"]
[Result "0-1"]
[WhiteElo "2675"]
[BlackElo "2630"]
[Annotator "TA"]
[PlyCount "68"]
[EventDate "2019.10.10"]
[EventType "swiss"]
[EventCountry "GBR"]
[SourceTitle "playchess.com"]
[Source "ChessBase"]
[SourceQuality "1"]

{[%evp 21,68,27,22,0,-11,-16,-25,-16,-12,-26,-20,-26,-24,-51,-43,-43,-37,-83,-87,-87,-85,-85,-85,-85,-86,-84,-80,-83,-78,-84,-75,-71,-76,-71,-80,-85,-80,-80,-68,-182,-181,-191,-182,-254,-227,-381,-379,-666,-645]} 1. e4 e5 2. Nf3 Nc6 3. Bb5 a6 4. Ba4 Nf6 5. O-O Be7 6. Re1 b5 7. Bb3 d6 8. c3 O-O 9. h3 Bb7 10. d4 Re8 11. a4 h6 12. Nbd2 {C92: Closed Ruy Lopez: 9...Be6, Karpov and Flohr-Zaitsev Variations} (12. axb5 axb5 13. Rxa8 Qxa8 14. Na3 b4 15. Nc4 Bf8 16. d5 Na5 17. Nxa5 Qxa5 18. Bd2 bxc3 19. bxc3 Rb8 {½-½ (47) Hovhannisyan,R (2637)-Harutyunian,T (2542) Yerevan 2019}) 12... exd4 13. Nxd4 Nxd4 14. cxd4 {Black has an edge.} c5 15. Bc2 cxd4 16. Nb3 Bf8 {[%cal Rb7e4]} 17. Qxd4 $146 ({Predecessor:} 17. Nxd4 Nxe4 18. axb5 axb5 19. Rxa8 Qxa8 20. Nxb5 {½-½ (62) Gromotka,H (2328)-Macarruda,M (2141) ICCF email 2015}) 17... Rc8 18. Bd3 {[#]} Bxe4 $1 {[%mdl 512] And now ...Bd5 would win.} 19. Bd2 ({Don't go for} 19. Rxe4 $2 Nxe4 20. Be3 (20. Bxe4 $2 Rc4 $19) 20... Nc5 $19) (19. Bxe4 Rc4) 19... Bxd3 20. Qxd3 bxa4 21. Rxa4 Rxe1+ 22. Bxe1 Qe8 23. Ra1 Rb8 24. Nd4 Rxb2 25. Bc3 Rb7 26. Qxa6 Qe4 27. Qf1 d5 28. Nf3 Qf5 29. Bd4 Ne4 30. Ra8 {[#]} (30. Qd3 $15) 30... Ng5 $1 $19 {[%cal Rg5f3]} 31. Nd2 Ne6 32. Ba1 (32. Qa1 {might work better.} Qd3 33. Qc3 Qxc3 34. Bxc3) 32... Kh7 33. Rc8 $2 (33. Ra2) 33... Bc5 34. g4 $2 (34. Qe1) 34... Qc2 {Accuracy: White = 25%, Black = 93%.} 0-1

[Event "FIDE Chesscom Grand Swiss 2019"]
[Site "Douglas-Isle of Man"]
[Date "2019.10.15"]
[Round "7.25"]
[White "Esipenko, Andrey"]
[Black "Ushenina, Anna"]
[Result "1-0"]
[WhiteElo "2624"]
[BlackElo "2431"]
[Annotator "RC"]
[PlyCount "107"]
[EventDate "2019.10.10"]
[EventType "swiss"]
[EventCountry "GBR"]
[SourceTitle "playchess.com"]
[Source "ChessBase"]
[SourceQuality "1"]
[TimeControl "40/6000+30:20/3000+30:900+30"]

1. c4 {[%emt 0:00:00]} e6 {[%emt 0:00:15]} 2. Nc3 {[%emt 0:00:00]} d5 {[%emt 0:00:25]} 3. d4 {[%emt 0:00:00]} Nf6 {[%emt 0:00:07]} 4. cxd5 {[%emt 0:00:01]} Nxd5 {[%emt 0:00:04]} 5. e4 {[%emt 0:03:13]} Nxc3 {[%emt 0:00:06]} 6. bxc3 {[%emt 0:00:04]} c5 {[%emt 0:00:03]} 7. Nf3 {[%emt 0:00:46]} cxd4 {[%emt 0:00:05]} 8. cxd4 {[%emt 0:00:03]} Bb4+ {[%emt 0:00:04]} 9. Bd2 {[%emt 0:00:04]} Bxd2+ {[%emt 0:00:04]} 10. Qxd2 {[%emt 0:00:03]} O-O {[%emt 0:00:05]} 11. Bc4 {[%emt 0:00:30]} Nd7 {[%emt 0:00:23]} 12. O-O {[%emt 0:00:29]} b6 {[%emt 0:00:03]} 13. Rad1 {[%emt 0:00:33]} Bb7 {[%emt 0:00:18]} 14. Rfe1 {[%emt 0:00:35]} Rc8 {[%emt 0:01:03]} 15. Bb3 {[%emt 0:00:06]} Re8 {[%emt 0:04:17]} 16. h3 {[%emt 0:02:20]} b5 {[%emt 0:16:36]} 17. d5 {[%emt 0:21:03]} exd5 {[%emt 0:03:30]} 18. exd5 {[%emt 0:00:53]} Qf6 {[%emt 0:33:05]} 19. Rxe8+ {[%emt 0:22:57]} Rxe8 {[%emt 0:00:03]} 20. Re1 {[%emt 0:00:06]} Qd8 {[%emt 0:22:21]} 21. Nd4 {[%emt 0:29:57]} Rxe1+ {[%emt 0:10:07]} 22. Qxe1 {[%emt 0:00:28]} Nf6 {[%emt 0:00:05]} 23. Nxb5 {[%emt 0:04:55]} Bxd5 {[%emt 0:06:20]} 24. Nxa7 {[%emt 0:02:46]} Bxg2 {[%emt 0:01:46]} 25. Kxg2 {[%emt 0:00:23]} Qa8+ {[%emt 0:00:02]} 26. Kg1 {[%emt 0:00:24]} Qxa7 {[%emt 0:00:02]} 27. a4 {[%emt 0:00:22]} Qb7 {[%emt 0:07:07]} 28. Qe3 {[%emt 0:05:03]} Qb4 {[%emt 0:01:37]} 29. Qf3 {[%emt 0:01:30]} Kf8 {[%emt 0:02:13]} 30. Qa8+ {[%emt 0:00:43]} Ke7 {[%emt 0:00:02]} 31. Qa7+ {[%emt 0:01:42]} Nd7 {[%emt 0:00:01]} 32. Qe3+ {[%emt 0:01:19]} Kf8 {[%emt 0:00:33]} 33. Qf3 {[%emt 0:03:43]} Ne5 {[%emt 0:01:05]} 34. Qd5 {[%emt 0:00:00]} Qe1+ {[%emt 0:02:16]} 35. Kg2 {[%emt 0:00:00]} Ke7 {[%emt 0:00:22]} 36. a5 {[%emt 0:00:03]} f5 {[%emt 0:00:30]} 37. Qe6+ {[%emt 0:05:54]} Kd8 {[%emt 0:00:01]} 38. Bd5 {[%emt 0:02:46]} f4 {[%emt 0:01:07]} 39. a6 {[%emt 0:01:21]} f3+ {[%emt 0:00:02]} 40. Bxf3 {[%emt 0:00:19]} Nxf3 {[%emt 0:00:20]} 41. Qd5+ {[%emt 0:51:08]} Ke7 {[%emt 0:02:44]} 42. Qxf3 {[%emt 0:00:00]} Qa5 {[%emt 0:00:33]} 43. Qb7+ {[%emt 0:00:00]} Kf6 {[%emt 0:00:30]} 44. a7 {[%emt 0:00:00]} Qg5+ {[%emt 0:00:06]} 45. Kf3 {[%emt 0:00:00]} Qf5+ {[%emt 0:00:37]} 46. Ke3 {[%emt 0:00:00]} Qe5+ {[%emt 0:03:29]} 47. Qe4 {[%emt 0:00:00]} Qc3+ {[%emt 0:00:08]} 48. Qd3 {[%emt 0:00:00]} Qe5+ {[%emt 0:03:45]} 49. Kf3 {[%emt 0:00:00]} Qa5 {[%emt 0:00:27]} 50. Qd6+ {[%emt 0:00:00]} Kg5 {[%emt 0:00:05]} 51. Qf4+ {[%emt 0:00:00]} Kh5 {[%emt 0:00:14]} 52. Qg4+ {[%emt 0:00:00]} Kh6 {[%emt 0:00:03]} 53. Qh4+ {[%emt 0:00:00]} Kg6 {[%emt 0:00:05]} 54. Qe4+ {[%emt 0:00:00]} 1-0

[Event "FIDE Chesscom Grand Swiss 2019"]
[Site "Douglas-Isle of Man"]
[Date "2019.10.17"]
[Round "7.26"]
[White "Cheparinov, Ivan"]
[Black "Sethuraman, S.P."]
[Result "1/2-1/2"]
[WhiteElo "2670"]
[BlackElo "2624"]
[Annotator "TA"]
[PlyCount "128"]
[EventDate "2019.10.10"]
[EventType "swiss"]
[EventCountry "GBR"]
[SourceTitle "playchess.com"]
[Source "ChessBase"]
[SourceQuality "1"]

{[%evp 12,128,18,9,26,24,25,24,13,12,20,15,23,12,22,22,10,11,8,17,0,0,2,3,4,3,7,2,30,36,32,29,47,53,52,33,70,20,19,18,27,30,19,27,27,25,23,6,14,0,0,0,0,0,0,0,0,0,0,0,0,0,0,0,0,0,8,8,8,8,28,28,28,28,28,28,28,28,28,28,28,28,28,29,29,29,31,31,31,31,64,64,68,28,69,28,28,28,28,28,28,28,28,0,0,0,0,0,0,0,0,0,0,0,0,0,0,0,0]} 1. d4 Nf6 2. c4 e6 3. Nf3 d5 4. Nc3 Bb4 5. cxd5 exd5 6. Bg5 h6 7. Bh4 O-O {D38: Queen's Gambit Declined: Ragozin Defence (4 Nf3 Bb4)} 8. e3 Bf5 9. Qb3 (9. Be2 Nbd7 10. Qb3 Bxc3+ 11. Qxc3 g5 12. Bg3 Ne4 13. Qa5 c5 14. Qxd8 Rfxd8 15. dxc5 Ndxc5 {½-½ (71) Grischuk,A (2766)-Dubov,D (2700) Paris 2019}) 9... Bxc3+ {White has an edge.} 10. bxc3 Nbd7 {[%cal Bb8d7,Bd7c5,Bc5e4][%mdl 32]} 11. Be2 c5 12. dxc5 Nxc5 13. Qb4 Rc8 14. O-O Re8 $146 ({Predecessor:} 14... g5 15. Bg3 {½-½ (75) Potapova,M (2335)-Shuvalova,P (2419) Izhevsk 2019}) 15. Rfd1 g5 {aiming for ...a5.} 16. Bg3 a5 17. Qa3 Nce4 {[#]} 18. c4 $1 {[%mdl 512]} Qb6 (18... dxc4 19. Rxd8) 19. Nd4 Nxg3 20. hxg3 Bg6 21. Rac1 dxc4 22. Bxc4 Red8 23. Bd3 Ne4 24. Qe7 (24. Bxe4 {is more complex.} Bxe4 25. f3 Bg6 26. g4 Qb4 27. Qxb4 axb4 28. Rxc8 Rxc8 29. Nb3) 24... Qb4 25. Qxb4 axb4 26. Rxc8 Rxc8 27. Bxe4 Bxe4 $11 {[%mdl 4096] Endgame KRB-KRN} 28. f3 Bg6 29. Rd2 f6 30. Kf2 Ra8 31. Rb2 Ra4 32. g4 Bf7 33. Nb3 Bxb3 34. axb3 {KR-KR} Ra1 35. Ke2 Rc1 36. Kd3 Rc3+ 37. Ke4 Kf7 38. g3 Kg6 39. f4 gxf4 40. gxf4 b6 41. f5+ Kg7 42. Rd2 Rxb3 43. Rd7+ Kg8 44. Rd6 Kf7 45. Rxb6 Ra3 46. Rb7+ Kg8 47. Rxb4 Ra5 48. Rb8+ Kg7 49. Rb7+ Kg8 $1 50. Rd7 Re5+ 51. Kf4 Ra5 52. Rd3 Kg7 53. Rc3 Ra4+ 54. e4 Ra1 55. Rc7+ Kg8 56. Ke3 Rg1 57. Kd4 Rxg4 {The position is equal.} 58. Kd5 h5 59. Ke6 Rxe4+ 60. Kxf6 h4 61. Rg7+ Kf8 62. Rh7 {[%cal Rh7h8] [#]} Kg8 63. Rg7+ Kf8 64. Rh7 {[%cal Rh7h8]} Kg8 {Accuracy: White = 70%, Black = 81%.} 1/2-1/2